Statistics for Marvel Villains Starting with R (by picture)

Click here to take the quiz!

General Stats

  • This quiz has been taken 15 times
  • The average score is 11 of 23

Answer Stats

Answer% Correct
Red Hulk
100%
Rhino
100%
Red Skull
93%
Radioactive Man
64%
Red Guardian
64%
Ringmaster
57%
Ronan the Accuser
57%
Ravonna
50%
Red Ghost
50%
Red King
50%
the Rose
50%
the Russian
50%
Riot
43%
Rocket Racer
43%
Rattler
36%
Razorfist
36%
Riptide
36%
Romulus
36%
Ragnarok
29%
Ruby Thursday
29%
Regent
21%
Ringer
21%
Roulette
14%

Score Distribution

Percentile by Number Answered

Percent of People with Each Score

Your Score History

You have not taken this quiz